[Event "Belgrade-chT"]
[Site "Belgrade"]
[Date "2009.10.09"]
[Round "6"]
[White "Nestorovic, Lazar"]
[Black "Krnic, Zdenko"]
[Result "0-1"]
[WhiteElo "2240"]
[BlackElo "2380"]
[PlyCount "124"]
[EventDate "2009.10.04"]
[EventType "team-tourn"]
[EventRounds "9"]
[EventCountry "YUG"]
[SourceTitle "CBM 132 Extra"]
[Source "ChessBase"]
[SourceDate "2009.11.03"]
[SourceVersion "1"]
[SourceVersionDate "2009.11.03"]
[SourceQuality "1"]

1. e4 c5 2. Nf3 Nc6 3. d4 cxd4 4. Nxd4 e6 5. Nc3 a6 6. Be2 Nge7 7. Bf4 Nxd4 8. Qxd4 Nc6 9. Qd2 f6 10. 0-0 b5 11. Bd6 Bxd6 12. Qxd6 Qe7 13. Rad1 Qxd6 14. Rxd6 Ke7 15. Rfd1 Rb8 16. f4 Nd8 17. Kf2 Nf7 18. R6d2 Rd8 19. Bh5 g6 20. Bf3 Bb7 21. Ne2 Rbc8 22. e5 Bxf3 23. exf6+ Kxf6 24. Kxf3 d5 25. Nd4 Nd6 26. c3 Ne4 27. Re2 Rc4 28. Ke3 Rdc8 29. Nf3 Nd6 30. Ne5 Re4+ 31. Kf3 Rxe2 32. Kxe2 g5 33. Nd3 Rc4 34. g3 gxf4 35. gxf4 a5 36. a3 a4 37. Kf3 Re4 38. Nf2 Rc4 39. Nd3 Nf5 40. Nf2 Nh4+ 41. Kg3 Ng6 42. Ng4+ Ke7 43. Rd4 Kd6 44. Ne3 Rxd4 45. cxd4 Ne7 46. Kg4 Nc6 47. Nc2 Na5 48. Kg5 Nc4 49. Kf6 Nxb2 50. f5 exf5 51. Kxf5 Nd3 52. Kf6 Kc6 53. h4 b4 54. axb4 Kb5 55. h5 Kc4 56. h6 Kc3 57. Na1 Kxb4 58. Kg7 Nf2 59. Kxh7 Ng4 60. Kg6 Nxh6 61. Kf6 Ng4+ 62. Ke6 Ne3 0-1

[Event "Belgrade-chT"]
[Site "Belgrade"]
[Date "2009.10.07"]
[Round "4"]
[White "Tosic, Srecko"]
[Black "Krnic, Zdenko"]
[Result "1/2-1/2"]
[WhiteElo "2276"]
[BlackElo "2380"]
[PlyCount "110"]
[EventDate "2009.10.04"]
[EventType "team-tourn"]
[EventRounds "9"]
[EventCountry "YUG"]
[SourceTitle "CBM 132 Extra"]
[Source "ChessBase"]
[SourceDate "2009.11.03"]
[SourceVersion "1"]
[SourceVersionDate "2009.11.03"]
[SourceQuality "1"]

1. e4 c5 2. Nf3 Nc6 3. d4 cxd4 4. Nxd4 e6 5. Nc3 a6 6. g3 Nxd4 7. Qxd4 Ne7 8. Bg2 Nc6 9. Qd3 b5 10. 0-0 Bb7 11. f4 Be7 12. Be3 Qc7 13. Rad1 Rc8 14. Bc1 d6 15. Qe2 0-0 16. g4 b4 17. Nb1 e5 18. c3 exf4 19. Bxf4 a5 20. Rf3 Ne5 21. Rh3 Ng6 22. Be3 h6 23. Qb5 Bc6 24. Qh5 Qd8 25. a3 Re8 26. cxb4 axb4 27. axb4 Bf6 28. Qa5 Qd7 29. Qf5 Qb7 30. Nc3 Re5 31. Qf2 Qxb4 32. Rh5 Bg5 33. Bd4 Re7 34. h4 Bf4 35. g5 hxg5 36. hxg5 Rb8 37. Kh1 Be5 38. Kg1 Qxb2 39. Rd2 Qc1+ 40. Bf1 Bf4 41. Rd1 Qa3 42. Rd3 Rb3 43. Rdh3 Qa8 44. Qxf4 Rxc3 45. Bxc3 Rxe4 46. Qf2 Qa4 47. Rh7 Rf4 48. Rxg7+ Kf8 49. Qe3 Rg4+ 50. Kh2 Qc2+ 51. Qe2 Qxe2+ 52. Bxe2 Rg2+ 53. Kh1 Rg3+ 54. Kh2 Rg2+ 55. Kh1 Rg3+ 1/2-1/2

[Event "Belgrade-chT"]
[Site "Belgrade"]
[Date "2009.10.04"]
[Round "1"]
[White "Krnic, Zdenko"]
[Black "Cvetkovic, Srdjan"]
[Result "1/2-1/2"]
[WhiteElo "2380"]
[BlackElo "2382"]
[PlyCount "32"]
[EventDate "2009.10.04"]
[EventType "team-tourn"]
[EventRounds "9"]
[EventCountry "YUG"]
[SourceTitle "CBM 132 Extra"]
[Source "ChessBase"]
[SourceDate "2009.11.03"]
[SourceVersion "1"]
[SourceVersionDate "2009.11.03"]
[SourceQuality "1"]

1. Nf3 d5 2. c4 e6 3. b3 Nf6 4. g3 Be7 5. Bg2 0-0 6. 0-0 b6 7. Bb2 Bb7 8. d4 c5 9. cxd5 exd5 10. Nc3 Nc6 11. Rc1 Qd7 12. dxc5 Bxc5 13. Na4 Be7 14. Ne5 Nxe5 15. Bxe5 Rac8 16. Qd3 Qe6 1/2-1/2

[Event "Belgrade-chT"]
[Site "Belgrade"]
[Date "2008.10.13"]
[Round "9"]
[White "Krnic, Zdenko"]
[Black "Nikolic, Milos"]
[Result "1/2-1/2"]
[WhiteElo "2381"]
[BlackElo "2299"]
[PlyCount "116"]
[EventDate "2008.10.05"]
[EventType "team-tourn"]
[EventRounds "9"]
[EventCountry "YUG"]
[SourceTitle "EXT 2009"]
[Source "ChessBase"]
[SourceDate "2008.11.26"]
[SourceVersion "1"]
[SourceVersionDate "2008.11.26"]
[SourceQuality "1"]

1. Nf3 Nf6 2. c4 g6 3. b4 Bg7 4. Bb2 0-0 5. e3 d6 6. d4 Nbd7 7. Be2 e5 8. dxe5 Ng4 9. Nc3 Ngxe5 10. Nxe5 Nxe5 11. 0-0 Be6 12. Qb3 a5 13. b5 Nd7 14. Na4 Bxb2 15. Qxb2 Qf6 16. Qxf6 Nxf6 17. c5 d5 18. Rfd1 Rad8 19. Rd4 c6 20. Nb6 Bd7 21. Ra4 cxb5 22. Rxa5 b4 23. Rb1 Bc6 24. Rxb4 Rfe8 25. Rd4 Ne4 26. Bd3 Ng5 27. h3 Ne6 28. Rb4 d4 29. exd4 Nxd4 30. Bc4 Kg7 31. Rb2 Re5 32. f3 Nf5 33. Kf2 Nh4 34. Be2 Rd4 35. Rc2 Nf5 36. Nc4 Re6 37. g4 Ne7 38. Ne3 Rf6 39. Ra3 h6 40. Rac3 Rdf4 41. Ng2 Rd4 42. Rc4 Rd8 43. Rf4 Nd5 44. Rxf6 Kxf6 45. Rd2 Ra8 46. Bc4 Nc3 47. Rc2 Ra3 48. Bb3 Nb5 49. Rd2 Nc7 50. Ne3 Ra5 51. Rc2 Na6 52. Nd5+ Kg7 53. Ne7 Nxc5 54. Nxc6 bxc6 55. Ke3 Kf6 56. f4 Ke7 57. Kd4 Nxb3+ 58. axb3 Kd6 1/2-1/2

[Event "Belgrade-chT"]
[Site "Belgrade"]
[Date "2008.10.07"]
[Round "3"]
[White "Svetac, Nenad"]
[Black "Krnic, Zdenko"]
[Result "0-1"]
[WhiteElo "2328"]
[BlackElo "2381"]
[PlyCount "116"]
[EventDate "2008.10.05"]
[EventType "team-tourn"]
[EventRounds "9"]
[EventCountry "YUG"]
[SourceTitle "CBM 126 Extra"]
[Source "ChessBase"]
[SourceDate "2008.11.05"]
[SourceVersion "1"]
[SourceVersionDate "2008.11.05"]
[SourceQuality "1"]

1. Nf3 Nf6 2. c4 g6 3. g3 Bg7 4. Bg2 0-0 5. 0-0 d6 6. d4 c6 7. Nc3 Qa5 8. h3 e5 9. e4 exd4 10. Nxd4 Qc5 11. Nb3 Qxc4 12. Qxd6 Na6 13. Re1 Qb4 14. Bf4 Ne8 15. Qd2 Be6 16. e5 Bxb3 17. axb3 Nc5 18. Ra3 Nc7 19. Bg5 Rfe8 20. Bf6 Nxb3 21. Qd1 Nc5 22. Bxg7 Kxg7 23. Qc2 Nb5 24. Raa1 Nd4 25. Qb1 Ndb3 26. Ra2 Qd4 27. Qd1 Qxd1 28. Nxd1 a5 29. f4 Nd3 30. Re3 Nb4 31. Ra3 Nd4 32. Re4 Ndc2 33. Rb3 Rad8 34. Ne3 Nxe3 35. Rbxe3 Rd2 36. Re2 Red8 37. g4 Rxe2 38. Rxe2 Nd3 39. f5 Re8 40. f6+ Kf8 41. Rd2 Nxe5 42. g5 a4 43. Rd4 Ra8 44. Rh4 Ke8 45. Rxh7 Kd7 46. h4 Ke6 47. Bh3+ Kd6 48. Bg2 b5 49. Be4 b4 50. Bb1 a3 51. bxa3 bxa3 52. Ba2 Rb8 53. h5 Rb2 54. hxg6 fxg6 55. f7 Ke7 56. Rh3 Rxa2 57. Re3 Kxf7 58. Rxe5 Rb2 0-1

[Event "SRB-chT 1st"]
[Site "Zlatibor"]
[Date "2007.08.30"]
[Round "9"]
[White "Krnic, Zdenko"]
[Black "Leskur, Dejan"]
[Result "0-1"]
[WhiteElo "2385"]
[BlackElo "2482"]
[PlyCount "86"]
[EventDate "2007.08.21"]
[EventType "team-tourn"]
[EventRounds "11"]
[EventCountry "YUG"]
[SourceTitle "CBM 120 Extra"]
[Source "ChessBase"]
[SourceDate "2007.11.01"]
[SourceVersion "1"]
[SourceVersionDate "2007.11.01"]
[SourceQuality "1"]

1. Nf3 c5 2. c4 Nc6 3. Nc3 e5 4. e3 Nf6 5. d4 cxd4 6. exd4 e4 7. Ng5 Bb4 8. d5 Bxc3+ 9. bxc3 Na5 10. Qd4 0-0 11. Be2 Re8 12. Ba3 d6 13. Bb4 b6 14. Bxa5 bxa5 15. h4 Ba6 16. 0-0 h6 17. Nh3 Qc7 18. g4 Re5 19. Rfe1 Rae8 20. Kh2 Qe7 21. Kg3 Bc8 22. Rg1 g5 23. hxg5 hxg5 24. Qe3 Nh7 25. Rab1 Qc7 26. Rb2 f6 27. Rgb1 Nf8 28. Rb8 Nd7 29. Ra8 Nc5 30. Rbb8 Bd7 31. Rxe8+ Bxe8 32. Bf1 Kf8 33. Kg2 Qb7 34. Rd8 Ke7 35. Rxe8+ Kxe8 36. Ng1 Qh7 37. Ne2 Qh4 38. Qg3 Qxg3+ 39. Kxg3 Re7 40. Nd4 Rb7 41. f3 exf3 42. Kxf3 Rb2 43. a3 a6 0-1

[Event "SRB-chT 1st"]
[Site "Zlatibor"]
[Date "2007.08.24"]
[Round "4"]
[White "Krnic, Zdenko"]
[Black "Vratonjic, Slobodan"]
[Result "0-1"]
[WhiteElo "2385"]
[BlackElo "2453"]
[PlyCount "88"]
[EventDate "2007.08.21"]
[EventType "team-tourn"]
[EventRounds "11"]
[EventCountry "YUG"]
[SourceTitle "CBM 120 Extra"]
[Source "ChessBase"]
[SourceDate "2007.11.01"]
[SourceVersion "1"]
[SourceVersionDate "2007.11.01"]
[SourceQuality "1"]

1. Nf3 c5 2. c4 Nc6 3. Nc3 g6 4. g3 Bg7 5. Bg2 e5 6. 0-0 Nge7 7. a3 a5 8. d3 0-0 9. Rb1 d6 10. Bd2 h6 11. Ne1 Rb8 12. Nc2 Be6 13. b4 axb4 14. axb4 Nxb4 15. Nxb4 cxb4 16. Rxb4 d5 17. cxd5 Nxd5 18. Nxd5 Bxd5 19. Rb5 Bxg2 20. Kxg2 Re8 21. Qb3 Re7 22. Be3 e4 23. dxe4 Rxe4 24. Rd1 Qe8 25. Rd6 Kh7 26. Rxb7 Rxb7 27. Qxb7 Re7 28. Qf3 h5 29. Ra6 Qc8 30. Rb6 Qc4 31. Rc6 Qa4 32. Qd5 Re5 33. Qc4 Qa8 34. Qa6 Qe8 35. Qc8 Rxe3 36. fxe3 Qxe3 37. Qa6 Bd4 38. Qd3 Qf2+ 39. Kh3 Qf1+ 40. Kh4 Bf6+ 41. Rxf6 Qxf6+ 42. Kh3 Qf1+ 43. Kh4 f6 44. Qf3 g5+ 0-1

[Event "SRB-chT 1st"]
[Site "Zlatibor"]
[Date "2007.08.23"]
[Round "3"]
[White "Stojanovic, Mihajlo"]
[Black "Krnic, Zdenko"]
[Result "1/2-1/2"]
[WhiteElo "2601"]
[BlackElo "2385"]
[PlyCount "95"]
[EventDate "2007.08.21"]
[EventType "team-tourn"]
[EventRounds "11"]
[EventCountry "YUG"]
[SourceTitle "CBM 120 Extra"]
[Source "ChessBase"]
[SourceDate "2007.11.01"]
[SourceVersion "1"]
[SourceVersionDate "2007.11.01"]
[SourceQuality "1"]

1. Nf3 Nf6 2. c4 g6 3. Nc3 d5 4. cxd5 Nxd5 5. Qa4+ Nc6 6. Ne5 Ndb4 7. f4 Bg7 8. a3 Bxe5 9. axb4 Bd6 10. b5 Nb4 11. d4 f5 12. e3 Be6 13. Be2 0-0 14. 0-0 Qe8 15. Bf3 c6 16. bxc6 bxc6 17. e4 a5 18. e5 Bc7 19. Be3 Bc4 20. Rfd1 e6 21. Rac1 Rf7 22. Qa3 Nd5 23. Na4 Bb5 24. Nc5 a4 25. Bd2 Bd8 26. g3 Rfa7 27. Rc2 Kf7 28. Kh1 Be7 29. g4 Qd8 30. Bc1 Bf8 31. Rg1 Bh6 32. h4 Bxf4 33. Bxf4 Nxf4 34. Qe3 Nd5 35. Qh6 Qh8 36. gxf5 exf5 37. Bxd5+ cxd5 38. h5 a3 39. bxa3 Rxa3 40. Rh2 Qg7 41. hxg6+ hxg6 42. e6+ Kf8 43. Qxg6 Qxg6 44. Rxg6 Ra1+ 45. Rg1 Rxg1+ 46. Kxg1 Ra1+ 47. Kf2 Ra2+ 48. Kg1 1/2-1/2

[Event "SRB-chT 1st"]
[Site "Zlatibor"]
[Date "2007.08.22"]
[Round "2"]
[White "Krnic, Zdenko"]
[Black "Bulajic, Ratko"]
[Result "0-1"]
[WhiteElo "2385"]
[BlackElo "2321"]
[PlyCount "80"]
[EventDate "2007.08.21"]
[EventType "team-tourn"]
[EventRounds "11"]
[EventCountry "YUG"]
[SourceTitle "CBM 120 Extra"]
[Source "ChessBase"]
[SourceDate "2007.11.01"]
[SourceVersion "1"]
[SourceVersionDate "2007.11.01"]
[SourceQuality "1"]

1. Nf3 d6 2. d4 Nf6 3. c4 g6 4. b4 a5 5. b5 Bg7 6. Bb2 0-0 7. e3 a4 8. Be2 e5 9. dxe5 Ng4 10. 0-0 Nd7 11. Qc2 Ngxe5 12. Nxe5 Bxe5 13. Bxe5 dxe5 14. Nc3 Nc5 15. Rad1 Qh4 16. g3 Qh3 17. Rd5 b6 18. Rxe5 Be6 19. Nd5 f6 20. Nf4 Qxf1+ 21. Kxf1 fxe5 22. Nxe6 Nxe6 23. Qe4 Rae8 24. Qxe5 Rf5 25. Qe4 Kf7 26. Kg2 Nf4+ 27. Qxf4 Rxf4 28. gxf4 Rd8 29. Kf3 Rd2 30. c5 bxc5 31. Bc4+ Ke7 32. h4 h6 33. Ke4 Rxf2 34. Kd5 Rf3 35. Bd3 Kf6 36. Bc2 Rxe3 37. Bxa4 c4 38. Kc6 Ra3 39. Bd1 Rxa2 40. Kxc7 c3 0-1

[Event "SRB-chT 1st"]
[Site "Zlatibor"]
[Date "2007.08.21"]
[Round "1"]
[White "Barlov, Dragan"]
[Black "Krnic, Zdenko"]
[Result "1/2-1/2"]
[WhiteElo "2469"]
[BlackElo "2385"]
[PlyCount "24"]
[EventDate "2007.08.21"]
[EventType "team-tourn"]
[EventRounds "11"]
[EventCountry "YUG"]
[SourceTitle "CBM 120 Extra"]
[Source "ChessBase"]
[SourceDate "2007.11.01"]
[SourceVersion "1"]
[SourceVersionDate "2007.11.01"]
[SourceQuality "1"]

1. Nf3 Nf6 2. c4 g6 3. Nc3 d5 4. cxd5 Nxd5 5. e4 Nxc3 6. dxc3 Qxd1+ 7. Kxd1 Nd7 8. Bc4 f6 9. Be3 e5 10. Kc2 Bc5 11. Bxc5 Nxc5 12. Nd2 Ke7 1/2-1/2

[Event "Belgrade-chT"]
[Site "Belgrade"]
[Date "2005.10.06"]
[Round "6"]
[White "Tatisic, Milan"]
[Black "Krnic, Zdenko"]
[Result "0-1"]
[WhiteElo "2260"]
[BlackElo "2369"]
[PlyCount "90"]
[EventDate "2005.10.01"]
[EventType "team-tourn"]
[EventRounds "9"]
[EventCountry "YUG"]
[SourceTitle "CBM 108 Extra"]
[Source "ChessBase"]
[SourceDate "2005.11.04"]
[SourceVersion "1"]
[SourceVersionDate "2005.11.04"]
[SourceQuality "1"]

1. d4 Nf6 2. c4 g6 3. Nc3 Bg7 4. e4 0-0 5. f4 c6 6. Qb3 a5 7. e5 Ne8 8. Na4 b5 9. cxb5 cxb5 10. Bxb5 Na6 11. Nc3 Rb8 12. Qd1 d6 13. Qe2 Nec7 14. Bc4 Nb4 15. a3 Nc6 16. Nf3 Bg4 17. Qe4 Qd7 18. 0-0 a4 19. h3 Bf5 20. Qe3 Na5 21. Ba2 Nb3 22. Bxb3 Rxb3 23. Nd2 Rb7 24. g4 Bc2 25. Rf2 dxe5 26. fxe5 Nd5 27. Qf3 Nxc3 28. bxc3 f5 29. g5 Rc8 30. Ra2 Bb3 31. Rb2 Bd5 32. Rxb7 Bxb7 33. Qd3 Bxe5 34. Nf3 Bg7 35. Bf4 Be4 36. Qe3 Qc6 37. Ne5 Qxc3 38. Qxc3 Rxc3 39. Rb2 Bxe5 40. Bxe5 Rxa3 41. Rb8+ Kf7 42. Kh2 Rb3 43. Rh8 a3 44. Rxh7+ Ke6 45. Rg7 f4 0-1

[Event "Belgrade-chT"]
[Site "Belgrade"]
[Date "2005.10.04"]
[Round "4"]
[White "Prelevic, Dusko"]
[Black "Krnic, Zdenko"]
[Result "1/2-1/2"]
[WhiteElo "2299"]
[BlackElo "2369"]
[PlyCount "99"]
[EventDate "2005.10.01"]
[EventType "team-tourn"]
[EventRounds "9"]
[EventCountry "YUG"]
[SourceTitle "CBM 108 Extra"]
[Source "ChessBase"]
[SourceDate "2005.11.04"]
[SourceVersion "1"]
[SourceVersionDate "2005.11.04"]
[SourceQuality "1"]

1. e4 c5 2. Nf3 Nc6 3. d4 cxd4 4. Nxd4 e6 5. Nc3 a6 6. Be2 Nge7 7. f4 b5 8. Be3 Nxd4 9. Qxd4 Nc6 10. Qd2 Be7 11. 0-0 Qc7 12. Rad1 0-0 13. Kh1 d6 14. Bd3 Na5 15. Qf2 Nc4 16. Bc1 Bb7 17. Qg3 Bf6 18. Qh3 g6 19. f5 Qe7 20. Rde1 Rac8 21. Nd1 Rfe8 22. fxg6 fxg6 23. b3 Ne5 24. Ne3 Rf8 25. Ng4 Nxg4 26. Qxg4 Bc3 27. Bg5 Qd7 28. Rd1 Rxf1+ 29. Rxf1 Bg7 30. h4 Rf8 31. Rxf8+ Kxf8 32. h5 Qf7 33. hxg6 hxg6 34. Bf4 Ke7 35. Qg3 e5 36. Be3 Bf6 37. Kg1 Qh7 38. c4 Qh5 39. Qf3 Bc6 40. cxb5 axb5 41. Qxh5 gxh5 42. b4 Bh4 43. Kf1 Kf6 44. a3 Bg5 45. Bxg5+ Kxg5 46. g3 h4 47. gxh4+ Kxh4 48. Kf2 Kg4 49. Ke3 Kg5 50. Bf1 1/2-1/2

[Event "Belgrade-chT"]
[Site "Belgrade"]
[Date "2005.10.03"]
[Round "3"]
[White "Krnic, Zdenko"]
[Black "Rajkovic, Dusan"]
[Result "0-1"]
[WhiteElo "2369"]
[BlackElo "2484"]
[PlyCount "94"]
[EventDate "2005.10.01"]
[EventType "team-tourn"]
[EventRounds "9"]
[EventCountry "YUG"]
[SourceTitle "CBM 108 Extra"]
[Source "ChessBase"]
[SourceDate "2005.11.04"]
[SourceVersion "1"]
[SourceVersionDate "2005.11.04"]
[SourceQuality "1"]

1. Nf3 Nf6 2. c4 c5 3. Nc3 b6 4. e4 d6 5. d4 cxd4 6. Nxd4 Bb7 7. f3 e6 8. Be3 a6 9. Be2 Nbd7 10. 0-0 Be7 11. b4 0-0 12. Qb3 Qb8 13. Rfd1 Re8 14. Kh1 h5 15. a4 h4 16. Bf1 Bd8 17. Bf2 Ne5 18. Bxh4 Nxe4 19. Be1 Nf6 20. Bg3 Bc7 21. Re1 Nh5 22. Bf2 Qd8 23. Rad1 Qf6 24. Ne4 Qh6 25. Qe3 Qg6 26. Qd2 Rad8 27. Ng3 Nf6 28. Qc3 Rc8 29. Nb3 Qh6 30. Qc1 Qh7 31. Qb1 Qh6 32. Qc1 Qh8 33. Qb2 Bc6 34. a5 bxa5 35. Nxa5 Ba8 36. c5 Nxf3 37. gxf3 Ng4 38. Bg1 Bxf3+ 39. Bg2 Bxd1 40. Rxd1 dxc5 41. Nf1 cxb4 42. Qxb4 Qh5 43. Nc6 Nxh2 44. Nxh2 Bxh2 45. Bxh2 Qxd1+ 46. Bg1 Qh5+ 47. Bh2 Red8 0-1

[Event "Lost Boys op"]
[Site "Amsterdam"]
[Date "2002.08.03"]
[Round "9"]
[White "De Heer, Machiel"]
[Black "Krnic, Zdenko"]
[Result "0-1"]
[WhiteElo "2293"]
[BlackElo "2365"]
[PlyCount "76"]
[EventDate "2002.07.26"]
[EventType "swiss"]
[EventRounds "9"]
[EventCountry "NED"]
[SourceTitle "CBM 089 Extra"]
[Source "ChessBase"]
[SourceDate "2002.09.10"]
[SourceVersion "2"]
[SourceVersionDate "2002.09.10"]
[SourceQuality "1"]

1. e4 c5 2. Nc3 Nc6 3. Nge2 e6 4. g3 a6 5. Bg2 Nge7 6. 0-0 b5 7. Re1 Bb7 8. d3 Nd4 9. Nxd4 cxd4 10. Ne2 Nc6 11. e5 Qc7 12. c3 Nxe5 13. Bxb7 Qxb7 14. Nxd4 f6 15. Bf4 Ng6 16. Qh5 Kf7 17. a4 b4 18. c4 Rc8 19. Nb3 Be7 20. Be3 Rhe8 21. Qe2 Bf8 22. Nd2 d5 23. b3 e5 24. Qf3 e4 25. dxe4 dxe4 26. Qe2 Ne5 27. Red1 Rcd8 28. Bf4 Ng6 29. Be3 Qc6 30. c5 Ne5 31. Nc4 Nf3+ 32. Kg2 Qe6 33. Rxd8 Rxd8 34. Rd1 Rd5 35. Rxd5 Qxd5 36. Nd2 Nxd2 37. Bxd2 e3+ 38. Kh3 exd2 0-1

[Event "Lost Boys op"]
[Site "Amsterdam"]
[Date "2002.07.29"]
[Round "4"]
[White "Krnic, Zdenko"]
[Black "Pedersen, Nicolai Vesterbaek"]
[Result "0-1"]
[WhiteElo "2365"]
[BlackElo "2458"]
[PlyCount "92"]
[EventDate "2002.07.26"]
[EventType "swiss"]
[EventRounds "9"]
[EventCountry "NED"]
[SourceTitle "CBM 089 Extra"]
[Source "ChessBase"]
[SourceDate "2002.09.10"]
[SourceVersion "2"]
[SourceVersionDate "2002.09.10"]
[SourceQuality "1"]

1. Nf3 Nf6 2. c4 e6 3. g3 d5 4. b3 c5 5. Bg2 Be7 6. 0-0 Nc6 7. Bb2 d4 8. d3 0-0 9. e4 e5 10. Nh4 g6 11. Bc1 Ne8 12. Bh6 Ng7 13. Nf3 a6 14. Nbd2 Be6 15. Ne1 Qd7 16. f4 exf4 17. gxf4 f5 18. e5 Nd8 19. Nef3 Nf7 20. Bg5 h6 21. Bxe7 Qxe7 22. b4 b6 23. Qe1 g5 24. bxc5 bxc5 25. Nb3 Rac8 26. Nc1 Nh5 27. Ne2 Bd7 28. Rb1 gxf4 29. Nxf4 Nxf4 30. Qg3+ Qg5 31. Nxg5 Ne2+ 32. Kf2 Nxg3 33. Nxf7 Nxf1 34. Nd6 Nxh2 35. Bd5+ Kh8 36. Nxc8 Ng4+ 37. Kg3 Bxc8 38. e6 Ne5 39. Re1 Ng6 40. Bc6 Ne7 41. Bd7 f4+ 42. Kf3 Rd8 43. Re5 Bxd7 44. exd7 Rxd7 45. Rxc5 Kg7 46. Kxf4 Ng6+ 0-1

[Event "Corus reserve op"]
[Site "Wijk aan Zee"]
[Date "2001.01.23"]
[Round "7"]
[White "Krnic, Zdenko"]
[Black "Markus, John Raymond"]
[Result "1-0"]
[WhiteElo "2390"]
[BlackElo "2225"]
[PlyCount "97"]
[EventDate "2001.01.13"]
[EventType "swiss"]
[EventRounds "9"]
[EventCountry "NED"]
[SourceTitle "CBM 080 Extra"]
[Source "ChessBase"]
[SourceDate "2001.03.08"]
[SourceVersion "1"]
[SourceVersionDate "2001.03.08"]
[SourceQuality "1"]

1. Nf3 Nf6 2. c4 c5 3. g3 b6 4. Bg2 Bb7 5. 0-0 g6 6. Nc3 Bg7 7. Re1 d6 8. d4 cxd4 9. Nxd4 Bxg2 10. Kxg2 0-0 11. e4 Qc7 12. b3 Nbd7 13. Bg5 Rfe8 14. Qd2 a6 15. Rac1 Qb7 16. f3 Rac8 17. a4 Nc5 18. b4 Ncd7 19. Nd5 e6 20. Nxf6+ Nxf6 21. Nb3 Qb8 22. b5 axb5 23. cxb5 Nd7 24. Red1 Rxc1 25. Rxc1 Nc5 26. Nxc5 dxc5 27. a5 bxa5 28. Qxa5 Bd4 29. Qa6 Qa8 30. Rc4 Qxa6 31. bxa6 Ra8 32. Ra4 Kf8 33. Kf1 Ke8 34. Ke2 Kd7 35. Kd3 Kc6 36. Kc4 Kb6 37. Be7 Ra7 38. Bd6 Kc6 39. Bb8 Ra8 40. a7 Kb7 41. f4 Kb6 42. g4 f5 43. exf5 exf5 44. g5 Kc6 45. Ra3 Bg7 46. Rh3 Bf8 47. Rxh7 Bd6 48. Bxd6 Kxd6 49. Rg7 1-0

[Event "Lost Boys op"]
[Site "Amsterdam"]
[Date "2000.08.13"]
[Round "3"]
[White "Krnic, Zdenko"]
[Black "Azadmanesh, Moosa"]
[Result "1-0"]
[WhiteElo "2401"]
[BlackElo "2141"]
[PlyCount "97"]
[EventDate "2000.08.05"]
[EventType "swiss"]
[EventRounds "9"]
[EventCountry "NED"]
[SourceTitle "CBM 077 Extra"]
[Source "ChessBase"]
[SourceDate "2000.09.14"]
[SourceVersion "1"]
[SourceVersionDate "2000.09.14"]
[SourceQuality "1"]

1. Nf3 b5 2. a4 bxa4 3. c4 Bb7 4. Nc3 c5 5. e4 Nf6 6. e5 Ne4 7. Bd3 Nxc3 8. dxc3 g6 9. 0-0 Bg7 10. Re1 0-0 11. Ng5 Qc7 12. f4 Nc6 13. Qg4 h6 14. Nf3 e6 15. Rxa4 Ne7 16. Nd2 d6 17. Qe2 dxe5 18. fxe5 Rad8 19. Be4 Bxe4 20. Nxe4 Qxe5 21. Rxa7 Rfe8 22. Qf2 Qh5 23. Be3 Rd1 24. Ra1 Red8 25. Bxc5 Nc6 26. Raxd1 Rxd1 27. Qf1 Rxe1 28. Qxe1 Ne5 29. Bd4 Nxc4 30. Bxg7 Kxg7 31. b3 Nb6 32. c4 Qf5 33. Qc3+ e5 34. Nd2 Qf4 35. g3 Qd4+ 36. Qxd4 exd4 37. Kf2 Kf6 38. Nf3 Ke6 39. Nxd4+ Kd6 40. Ke3 Kc5 41. Kd3 Nd7 42. Kc3 Ne5 43. b4+ Kb6 44. c5+ Kb7 45. b5 g5 46. Nf5 h5 47. h4 f6 48. Kd4 Nf3+ 49. Kd5 1-0

[Event "Lost Boys op"]
[Site "Amsterdam"]
[Date "2000.08.11"]
[Round "1"]
[White "Krnic, Zdenko"]
[Black "Erwich, Marc"]
[Result "0-1"]
[WhiteElo "2401"]
[BlackElo "2205"]
[PlyCount "82"]
[EventDate "2000.08.05"]
[EventType "swiss"]
[EventRounds "9"]
[EventCountry "NED"]
[SourceTitle "CBM 077 Extra"]
[Source "ChessBase"]
[SourceDate "2000.09.14"]
[SourceVersion "1"]
[SourceVersionDate "2000.09.14"]
[SourceQuality "1"]

1. Nf3 Nf6 2. c4 b6 3. g3 Bb7 4. Bg2 e6 5. 0-0 Be7 6. Nc3 0-0 7. Re1 d5 8. cxd5 exd5 9. d4 Na6 10. Ne5 c5 11. Be3 Nc7 12. Rc1 Ne6 13. dxc5 bxc5 14. Na4 Rc8 15. Nd3 Qa5 16. Bd2 Qb5 17. Nf4 Nxf4 18. Bxf4 d4 19. Qb3 Qxb3 20. axb3 Bd5 21. Bxd5 Nxd5 22. Rc4 Nxf4 23. gxf4 Rb8 24. Nxc5 Bxc5 25. Rxc5 Rxb3 26. Rd5 Rxb2 27. Rxd4 Ra2 28. Rd7 Rc8 29. Kg2 g6 30. Kf3 Rc3+ 31. e3 Rcc2 32. Rb1 Rxf2+ 33. Kg3 Rg2+ 34. Kf3 Rgb2 35. Re1 Rc2 36. Rb1 Rab2 37. Ra1 Rf2+ 38. Kg3 Rg2+ 39. Kf3 f5 40. Rf1 Rxh2 41. Kg3 h5 0-1

[Event "Lost Boys op"]
[Site "Amsterdam"]
[Date "2000.??.??"]
[Round "?"]
[White "Krnic, Zdenko"]
[Black "Roebers, Jan"]
[Result "0-1"]
[WhiteElo "2400"]
[BlackElo "2235"]
[PlyCount "128"]
[EventDate "2000.08.05"]
[EventType "swiss"]
[EventRounds "9"]
[EventCountry "NED"]
[SourceTitle "EXT 2002"]
[Source "ChessBase"]
[SourceDate "2001.11.25"]
[SourceVersion "1"]
[SourceVersionDate "2001.11.25"]
[SourceQuality "1"]

1. Nf3 g6 2. c4 f5 3. Nc3 Nf6 4. d4 Bg7 5. Qc2 d6 6. Bg5 Na6 7. e3 c6 8. a3 0-0 9. Bd3 Qe8 10. e4 e5 11. dxe5 dxe5 12. b4 f4 13. Bxf6 Bxf6 14. c5 Nc7 15. Bc4+ Kh8 16. Nd2 Ne6 17. 0-0 g5 18. f3 Nd4 19. Qd1 b5 20. cxb6 Bd8 21. b7 Bb6 22. Rf2 Bxb7 23. Na4 Qe7 24. Nb3 Rfd8 25. Nxb6 axb6 26. Nxd4 Rxd4 27. Qc2 Rad8 28. h3 Qd6 29. Kh2 h5 30. Qc3 Kg7 31. Rc1 g4 32. fxg4 hxg4 33. hxg4 Rh8+ 34. Kg1 Qh6 35. Qh3 Qxh3 36. gxh3 Rxh3 37. Be6 Rxe4 38. Rd1 Kf6 39. Bf5 Rd4 40. Rxd4 exd4 41. Rxf4 Ke5 42. Re4+ Kd5 43. Re7 Ba6 44. a4 Bc4 45. Kf2 Ra3 46. b5 c5 47. Rb7 Rxa4 48. Rxb6 Ra2+ 49. Kg3 d3 50. Rb8 d2 51. Kf4 Kd4 52. Rd8+ Kc3 53. b6 Be2 54. g5 d1Q 55. Rxd1 Bxd1 56. g6 Ra8 57. Ke5 Rb8 58. Kd5 Rxb6 59. Kxc5 Rb8 60. Kd6 Bb3 61. Ke5 Re8+ 62. Kf6 Kd4 63. g7 Bg8 64. Bd7 Rb8 0-1

[Event "Wijk aan Zee op"]
[Site "Wijk aan Zee"]
[Date "1998.??.??"]
[Round "6"]
[White "Krnic, Zdenko"]
[Black "Doggers, Peter"]
[Result "1-0"]
[WhiteElo "2420"]
[BlackElo "2170"]
[PlyCount "75"]
[EventDate "1998.01.??"]
[EventType "swiss"]
[EventRounds "9"]
[EventCountry "NED"]
[SourceTitle "EXT 2002"]
[Source "ChessBase"]
[SourceDate "2001.11.25"]
[SourceVersion "1"]
[SourceVersionDate "2001.11.25"]
[SourceQuality "1"]

1. Nf3 Nf6 2. c4 c5 3. g3 Nc6 4. Bg2 d5 5. cxd5 Nxd5 6. Nc3 Nc7 7. d3 e5 8. Nd2 Bd7 9. 0-0 Be7 10. Nc4 f6 11. f4 b5 12. Ne3 exf4 13. gxf4 0-0 14. Ned5 Rb8 15. Be3 a5 16. Rc1 Nd4 17. Nxe7+ Qxe7 18. Ne4 Bg4 19. Rf2 Kh8 20. Rxc5 Nce6 21. Rc1 Rbc8 22. h3 Nf5 23. Qd2 Bh5 24. Bb6 Rxc1+ 25. Qxc1 Ned4 26. e3 Ne2+ 27. Rxe2 Bxe2 28. Qd2 Qe6 29. Bc5 Rc8 30. Qxe2 Qxa2 31. d4 b4 32. Kf2 Qb1 33. Ng3 a4 34. Be4 Nxg3 35. Bxb1 Nxe2 36. Kxe2 Rb8 37. Bc2 b3 38. Be4 1-0